Wings of fire ; (Record no. 199363)

MARC details
000 -LEADER
fixed length control field 00838nam a22002057a 4500
005 - DATE AND TIME OF LATEST TRANSACTION
control field 20231220161741.0
010 ## - LCCN (DPL NO)
LC control number B-756025-028 ENG 18.10.23
020 ## - INTERNATIONAL STANDARD BOOK NUMBER
International Standard Book Number 9788173711466
Terms of availability 495.00
035 ## - SYSTEM CONTROL NUMBER
System control number B-756025-028
037 ## - SOURCE OF ACQUISITION
Source of stock number/acquisition K.K. Publication
082 ## - DEWEY DECIMAL CLASSIFICATION NUMBER
Classification number 921
100 ## - MAIN ENTRY--PERSONAL NAME
Personal name Kalam, A.P.J.Abdul
245 ## - TITLE STATEMENT
Title Wings of fire ;
Statement of responsibility, etc by A.P.J. Abdul Kalam [and] Arun Tiwari
Remainder of title an autobiography /
260 ## - PUBLICATION, DISTRIBUTION, ETC. (IMPRINT)
Place of publication, distribution, etc Hyderabad
Name of publisher, distributor, etc Universities Press
Date of publication, distribution, etc 2022
270 ## - ADDRESS
Address 3-6-747/1/A&3-6-754/1,Himayatnagar,
City Hyderabad
Postal code 500029
300 ## - PHYSICAL DESCRIPTION
Extent xvi,180p.
Other physical details ill.
Dimensions 24cm(pbk)
700 ## - ADDED ENTRY--PERSONAL NAME
Personal name Tiwari, Arun
9 (RLIN) 59301
942 ## - ADDED ENTRY ELEMENTS (KOHA)
Source of classification or shelving scheme Dewey Decimal Classification
Item type English Books
Call number suffix KAL
Classification part 921
Holdings
Withdrawn status Lost status Not for loan Collection code Home library Current library Date acquired Source of acquisition Cost, normal purchase price Full call number Barcode Copy number Cost, replacement price Koha item type
      Non-fiction Central Library Central Library 20/12/2023 K.K. Pub/79/25.11.23/39/23.11.23/1.12.23 495.00 KAL 921 B-756025 1 495.00 English Books
      Non-fiction Kasturba Gandhi Marg Kasturba Gandhi Marg 20/12/2023 K.K. Pub/79/25.11.23/39/23.11.23/1.12.23 495.00 KAL 921 B-756026 1 495.00 English Books
      Non-fiction Peshwa Road Peshwa Road 20/12/2023 K.K. Pub/79/25.11.23/39/23.11.23/1.12.23 495.00 KAL 921 B-756027 1 495.00 English Books
      Non-fiction Shahdara Branch Shahdara Branch 20/12/2023 K.K. Pub/79/25.11.23/39/23.11.23/1.12.23 495.00 KAL 921 B-756028 1 495.00 English Books

© Delhi Public Library
Hit Counter
free hit counter